| 000 | 03383nam0a2200397 4500 | ||
|---|---|---|---|
| 001 | RU\NLR\BIBL_A\016349338 | ||
| 005 | 20231226145643.0 | ||
| 010 |
_a978-5-7677-3554-9 _9200 |
||
| 021 |
_aRU _bКН-П-23-019020 _9КН-П-23-1897 |
||
| 035 | _a(NLR Aleph) 016349338 | ||
| 035 | _a(RuMoRGB)011675946 | ||
| 090 |
_a13115753 _c13115753 |
||
| 100 | _a20230419d2022 k y0rusy50 ca | ||
| 101 | 0 | _arus | |
| 102 | _aRU | ||
| 105 | _aa|||j||||||z| | ||
| 181 | 1 |
_ai _b e |
|
| 182 | 1 | _an | |
| 200 | 1 |
_aСиловая преобразовательная техника _eучебное пособие _eдля студентов III-IV курсов факультета энергетики и электротехники _fВ. М. Никитин, А. Г. Калинин _gМинистерство науки и высшего образования Российской Федерации, Федеральное государственное бюджетное образовательное учреждение высшего образования "Чувашский государственный университет имени И. Н. Ульянова", [Группа компаний "ЧЭАЗ"] |
|
| 203 |
_aТекст _bвизуальный _cнепосредственный |
||
| 210 |
_aЧебоксары _cИзд-во Чувашского университета _cЧебоксарский электротехнический завод _d2022 |
||
| 215 |
_a343, [1] с. _cил. _d21 |
||
| 300 | _aВ вып. дан. 1-й авт.: А. Г. Калинин | ||
| 320 | _aБиблиогр.: с. 338-340 (38 назв.) | ||
| 330 | _aИзложены принципы преобразования электрической энергии в выпрямителях, инверторах, преобразователях частоты и других устройствах на полупроводниковых элементах. Уделено внимание физике процессов преобразования, режимам работы и характеристикам устройств. Показаны подходы к расчёту и выбору элементов схемы. В конце каждой темы даны вопросы и задачи наиболее важных понятий и определений в изложенном материале. Для студентов III-IV курсов факультета энергетики и электротехники | ||
| 606 | 1 |
_aПолупроводниковые преобразователи _jУчебные издания для высших учебных заведений _92249709 _3RU\NLR\AUTH\661349486 |
|
| 606 | 1 |
_aПреобразователи статические _jУчебные издания для высших учебных заведений _91956074 _3RU\NLR\AUTH\66895058 |
|
| 675 |
_a621.314.632(075.8) _v4 |
||
| 686 |
_a31.264.5я73 _2rubbks |
||
| 686 | 1 | _aЗ264.5я73-1 | |
| 700 | 1 |
_aНикитин _bВ. М. _cканд. техн. наук, электротехника _gВладимир Михайлович _9256241 _3RU\NLR\AUTH\770256297 |
|
| 701 | 1 |
_aКалинин _bА. Г. _gАлексей Германович |
|
| 942 | _cBOOK | ||
| 980 | _aNB | ||